00910 a2200205 45000010006000000050017000060080041000230030015000640400040000790800093001192450022002120200018002342640032002523000019002849420007003035900036003101000020003469990015003669520323003815933220260407155847.0260407a1990 arg spa dAR-UNSa-BCEJYS aAR-UNSa-BCEJYSbspacAR-UNSa-BCEJYS a339.92xCooperación económica internacional. Integración económica internacional10aArgentina- Brasil a950-718-009-5 1aBuenos Aires :bTesisc1990 a389 p.c20 cm. cBK aniveau_biblio:m niveau_hierar:01 aHirst, Mónica c6652d6652 00104070aBCEJYSbBCEJYSc16d2026-04-07l0o339.92 H669pL58909r2026-04-07 15:58:47w2026-04-07yLzPrimera parte: Perspectivas Comparativas: 1. Economía - 2. Política - Segunda parte: Los avances de la integración: 3. Balance económico - 4. La agenda militar y tecnológica - 5. El discurso político -